Welke landen behoorden onder de geallieerden in WO II - Statistieken

Algemene statistieken
  • Deze quiz is 11 keer genomen
  • De gemiddelde score is 5 van 8
Antwoordstatistieken
Antwoord % Correct
Verenigde Staten
100%
Canada
86%
Frankrijk
86%
Australië
71%
China
71%
Sovjet-Unie
57%
Groot-Brittannië
43%
India
29%
Geen overeenkomende quizzen gevonden
Scoreverdeling
Procent van Mensen met Elke Score
Percentiel versus Aantal Correcte Antwoorden
Uw Scoregeschiedenis
U heeft deze quiz nog niet genomen